|
|
|
|
| LEADER |
01135nam a2200325 a 4500 |
| 001 |
c000178691 |
| 003 |
CARM |
| 005 |
20041123124000.0 |
| 008 |
900622s1990 gw b 000 0 eng |
| 019 |
1 |
|
|a 7349953
|5 LACONCORD2021
|
| 020 |
|
|
|a 3540523243
|
| 020 |
|
|
|a 0387523243 (U.S.)
|
| 020 |
|
|
|a 0387523243 (U.S)
|
| 035 |
|
|
|a (OCoLC)21929410
|5 LACONCORD2021
|
| 040 |
|
|
|a LC
|b eng
|c LC
|d LC
|
| 050 |
0 |
0 |
|a HD4909
|b .E26 1990
|
| 050 |
1 |
4 |
|a HD4909
|b .E25 1990
|
| 082 |
0 |
0 |
|a 331.2/15
|2 20
|
| 082 |
0 |
4 |
|a 331.2/15
|
| 245 |
0 |
0 |
|a Economics of wage determination /
|c Heinz König, ed.
|
| 260 |
|
|
|a Berlin ;
|a New York :
|b Springer-Verlag,
|c c1990.
|
| 300 |
|
|
|a x, 373 p. ;
|c 25 cm.
|
| 440 |
|
0 |
|a Studies in contemporary economics
|
| 504 |
|
|
|a Includes bibliographical references.
|
| 650 |
|
0 |
|a Wages
|x Econometric models.
|
| 650 |
|
0 |
|a Wages
|x Mathematical models.
|
| 700 |
1 |
|
|a König, Heinz,
|d 1927-
|
| 852 |
8 |
|
|b CARM
|h A2:AK18B0
|i B05368
|p 0247441
|f BK
|
| 999 |
f |
f |
|i c471d406-9d91-50bc-aa68-d9278c216b64
|s 73c3f346-d1d6-5d3c-974c-303a64567b87
|
| 952 |
f |
f |
|p Can circulate
|a CAVAL
|b CAVAL
|c CAVAL
|d CARM 1 Store
|e B05368
|f A2:AK18B0
|h Other scheme
|i book
|m 0247441
|